000 00742nam a2200205Ii 4500
003 JO-AjNU
008 230605s9999||||xx |||||||||||||| ||und||
040 _aJO-AjNU
_bara
_erda
_cJO-AjNU
041 _aara
050 1 4 _aDS38.4.K5.S252 1984
100 3 _aالسامرائي، عبد الجبار محمود,
_eauthor
_934615
245 0 0 _aمعارك خالد بن الوليد ضد الفرس
250 _aط1
264 3 1 _aبيروت: الدار العربية للموسوعات، 1984
300 _a172ص
336 _atext
_btxt
_2rdacontent
337 _aunmediated
_bn
_2rdamedia
338 _avolume
_bnc
_2rdacarrier
650 4 _aمعارك اسلامية -تاريخ ، معارك خالد بن الوليد- الفرس
_934616
999 _aA14211
_c17779
_d17779